NBA Iron Men - Statistics

General Stats
  • This quiz has been taken 12 times
  • The average score is 12 of 20
Answer Stats
Minutes Answer % Correct
57,446 Kareem Abdul-Jabbar
91%
48,643 Kobe Bryant
91%
44,233 Joe Johnson
82%
54,852 Karl Malone
82%
49,758 LeBron James
82%
45,071 Moses Malone
82%
51,367 Dirk Nowitzki
73%
47,766 John Stockton
73%
47,367 Tim Duncan
73%
45,704 Robert Parish
64%
46,370 Vince Carter
55%
47,859 Wilt Chamberlain
55%
47,117 Gary Payton
36%
50,116 Jason Kidd
36%
46,471 John Havlicek
36%
50,412 Kevin Garnett
36%
45,879 Paul Pierce
36%
46,350 Ray Allen
27%
47,620 Reggie Miller
27%
50,000 Elvin Hayes
18%
No matching quizzes found
Score Distribution
Percent of People with Each Score
Percentile by Number Answered
Your Score History
You have not taken this quiz